00305nam a2200121Ia 4500008004100000041000900041082001800050100003100068245002200099260004600121300000800167650000800175230718s9999 xx 000 0 und d aEng. a90bعلی-م aعلی عابدی، رضا 0aمیں کہانی aPakistanbسنگ میل پلی سرc2001 a228 aLaw